<?xml version="1.0" encoding="UTF-8"?>
<record
    xmlns:xsi="http://www.w3.org/2001/XMLSchema-instance"
    xsi:schemaLocation="http://www.loc.gov/MARC21/slim http://www.loc.gov/standards/marcxml/schema/MARC21slim.xsd"
    xmlns="http://www.loc.gov/MARC21/slim">

  <leader>02590nam0a2200481   4500</leader>
  <controlfield tag="001">RU\NLR\bibl\1262032</controlfield>
  <controlfield tag="005">20260405055717.0</controlfield>
  <datafield tag="010" ind1=" " ind2=" ">
    <subfield code="a">978-5-696-03773-8</subfield>
    <subfield code="9">300</subfield>
  </datafield>
  <datafield tag="021" ind1=" " ind2=" ">
    <subfield code="a">RU</subfield>
    <subfield code="b">2008-49169</subfield>
    <subfield code="9">2720</subfield>
  </datafield>
  <datafield tag="035" ind1=" " ind2=" ">
    <subfield code="a">(nilc)EL/0000175125</subfield>
  </datafield>
  <datafield tag="035" ind1=" " ind2=" ">
    <subfield code="a">(NLR Aleph) 001248021</subfield>
  </datafield>
  <datafield tag="090" ind1=" " ind2=" ">
    <subfield code="a">301047</subfield>
    <subfield code="c">301047</subfield>
  </datafield>
  <datafield tag="100" ind1=" " ind2=" ">
    <subfield code="a">20080220d2007    |||y0rusy50      ca</subfield>
  </datafield>
  <datafield tag="101" ind1="0" ind2=" ">
    <subfield code="a">rus</subfield>
  </datafield>
  <datafield tag="102" ind1=" " ind2=" ">
    <subfield code="a">RU</subfield>
  </datafield>
  <datafield tag="105" ind1=" " ind2=" ">
    <subfield code="a">a   |||||||||</subfield>
  </datafield>
  <datafield tag="200" ind1="1" ind2=" ">
    <subfield code="a">&#x41A;&#x43E;&#x447;&#x435;&#x432;&#x43D;&#x438;&#x43A;&#x438; &#x423;&#x440;&#x430;&#x43B;&#x43E;-&#x41A;&#x430;&#x437;&#x430;&#x445;&#x441;&#x442;&#x430;&#x43D;&#x441;&#x43A;&#x438;&#x445; &#x441;&#x442;&#x435;&#x43F;&#x435;&#x439; &#x432; VII-VI &#x432;&#x432;. &#x434;&#x43E; &#x43D;. &#x44D;.</subfield>
    <subfield code="d">The nomads of the Ural-Kazakhstan steppe in the VII-VI centuries BC</subfield>
    <subfield code="f">&#x410;. &#x414;. &#x422;&#x430;&#x438;&#x440;&#x43E;&#x432;</subfield>
    <subfield code="g">&#x41C;-&#x432;&#x43E; &#x43E;&#x431;&#x440;&#x430;&#x437;&#x43E;&#x432;&#x430;&#x43D;&#x438;&#x44F; &#x438; &#x43D;&#x430;&#x443;&#x43A;&#x438; &#x420;&#x43E;&#x441;. &#x424;&#x435;&#x434;&#x435;&#x440;&#x430;&#x446;&#x438;&#x438;, &#x424;&#x435;&#x434;&#x435;&#x440;. &#x430;&#x433;&#x435;&#x43D;&#x442;&#x441;&#x442;&#x432;&#x43E; &#x43F;&#x43E; &#x43E;&#x431;&#x440;&#x430;&#x437;&#x43E;&#x432;&#x430;&#x43D;&#x438;&#x44E;, &#x413;&#x43E;&#x441;. &#x43E;&#x431;&#x440;&#x430;&#x437;&#x43E;&#x432;&#x430;&#x442;. &#x443;&#x447;&#x440;&#x435;&#x436;&#x434;&#x435;&#x43D;&#x438;&#x435; &#x432;&#x44B;&#x441;&#x448;. &#x43F;&#x440;&#x43E;&#x444;. &#x43E;&#x431;&#x440;&#x430;&#x437;&#x43E;&#x432;&#x430;&#x43D;&#x438;&#x44F; "&#x42E;&#x436;.-&#x423;&#x440;&#x430;&#x43B;. &#x433;&#x43E;&#x441;. &#x443;&#x43D;-&#x442;", &#x427;&#x435;&#x43B;&#x44F;&#x431;. &#x43D;&#x430;&#x443;&#x447;. &#x446;&#x435;&#x43D;&#x442;&#x440; &#x423;&#x440;&#x41E; &#x420;&#x410;&#x41D;, &#x421;&#x43F;&#x435;&#x446;&#x438;&#x430;&#x43B;&#x438;&#x437;&#x438;&#x440;. &#x43F;&#x440;&#x438;&#x440;&#x43E;&#x434;.-&#x43B;&#x430;&#x43D;&#x434;&#x448;&#x430;&#x444;&#x442;. &#x438; &#x438;&#x441;&#x442;.-&#x430;&#x440;&#x445;&#x435;&#x43E;&#x43B;. &#x446;&#x435;&#x43D;&#x442;&#x440; "&#x410;&#x440;&#x43A;&#x430;&#x438;&#x43C;"</subfield>
    <subfield code="z">eng</subfield>
  </datafield>
  <datafield tag="210" ind1=" " ind2=" ">
    <subfield code="a">&#x427;&#x435;&#x43B;&#x44F;&#x431;&#x438;&#x43D;&#x441;&#x43A;</subfield>
    <subfield code="c">&#x418;&#x437;&#x434;-&#x432;&#x43E; &#x42E;&#x423;&#x440;&#x413;&#x423;</subfield>
    <subfield code="d">2007</subfield>
  </datafield>
  <datafield tag="215" ind1=" " ind2=" ">
    <subfield code="a">273, [1] &#x441;.</subfield>
    <subfield code="c">&#x438;&#x43B;.</subfield>
    <subfield code="d">25</subfield>
  </datafield>
  <datafield tag="300" ind1=" " ind2=" ">
    <subfield code="a">&#x420;&#x435;&#x437;. &#x43D;&#x430; &#x430;&#x43D;&#x433;&#x43B;. &#x44F;&#x437;.</subfield>
  </datafield>
  <datafield tag="300" ind1=" " ind2=" ">
    <subfield code="a">&#x410;&#x432;&#x442;. &#x442;&#x430;&#x43A;&#x436;&#x435; &#x43D;&#x430; &#x430;&#x43D;&#x433;&#x43B;. &#x44F;&#x437;.: A. D. Tairov</subfield>
  </datafield>
  <datafield tag="320" ind1=" " ind2=" ">
    <subfield code="a">&#x411;&#x438;&#x431;&#x43B;&#x438;&#x43E;&#x433;&#x440;.: &#x441;. 234-267</subfield>
  </datafield>
  <datafield tag="510" ind1="1" ind2=" ">
    <subfield code="6">z77790</subfield>
    <subfield code="a">The nomads of the Ural-Kazakhstan steppe in the VII-VI centuries BC</subfield>
    <subfield code="z">eng</subfield>
  </datafield>
  <datafield tag="606" ind1="1" ind2=" ">
    <subfield code="a">&#x41A;&#x43E;&#x447;&#x435;&#x432;&#x43D;&#x438;&#x43A;&#x438;</subfield>
    <subfield code="x">&#x410;&#x440;&#x445;&#x435;&#x43E;&#x43B;&#x43E;&#x433;&#x438;&#x447;&#x435;&#x441;&#x43A;&#x43E;&#x435; &#x438;&#x437;&#x443;&#x447;&#x435;&#x43D;&#x438;&#x435;</subfield>
    <subfield code="y">&#x41A;&#x430;&#x437;&#x430;&#x445;&#x441;&#x442;&#x430;&#x43D;</subfield>
    <subfield code="z">6 - 7 &#x432;&#x432;. &#x434;&#x43E; &#x43D;.&#x44D;.</subfield>
    <subfield code="9">2522198</subfield>
    <subfield code="3">RU\NLR\auth\661494500</subfield>
  </datafield>
  <datafield tag="606" ind1="1" ind2=" ">
    <subfield code="a">&#x41A;&#x43E;&#x447;&#x435;&#x432;&#x43D;&#x438;&#x43A;&#x438;</subfield>
    <subfield code="x">&#x410;&#x440;&#x445;&#x435;&#x43E;&#x43B;&#x43E;&#x433;&#x438;&#x447;&#x435;&#x441;&#x43A;&#x43E;&#x435; &#x438;&#x437;&#x443;&#x447;&#x435;&#x43D;&#x438;&#x435;</subfield>
    <subfield code="y">&#x417;&#x430;&#x443;&#x440;&#x430;&#x43B;&#x44C;&#x435; &#x42E;&#x436;&#x43D;&#x43E;&#x435;</subfield>
    <subfield code="z">6 - 7&#x432;&#x432;. &#x434;&#x43E; &#x43D;.&#x44D;.</subfield>
    <subfield code="9">2522200</subfield>
    <subfield code="3">RU\NLR\auth\661494501</subfield>
  </datafield>
  <datafield tag="610" ind1="1" ind2=" ">
    <subfield code="a">&#x430;&#x440;&#x445;&#x435;&#x43E;&#x43B;&#x43E;&#x433;&#x438;&#x44F; &#x423;&#x440;&#x430;&#x43B;&#x430;</subfield>
  </datafield>
  <datafield tag="610" ind1="1" ind2=" ">
    <subfield code="a">&#x430;&#x440;&#x445;&#x435;&#x43E;&#x43B;&#x43E;&#x433;&#x438;&#x44F; &#x41A;&#x430;&#x437;&#x430;&#x445;&#x441;&#x442;&#x430;&#x43D;&#x430;</subfield>
  </datafield>
  <datafield tag="610" ind1="1" ind2=" ">
    <subfield code="a">&#x443;&#x440;&#x430;&#x43B;&#x43E;-&#x43A;&#x430;&#x437;&#x430;&#x445;&#x441;&#x442;&#x430;&#x43D;&#x441;&#x43A;&#x438;&#x435; &#x441;&#x442;&#x435;&#x43F;&#x438;</subfield>
  </datafield>
  <datafield tag="610" ind1="1" ind2=" ">
    <subfield code="a">&#x43A;&#x43E;&#x447;&#x435;&#x432;&#x43D;&#x438;&#x43A;&#x438; &#x42E;&#x436;&#x43D;&#x43E;&#x433;&#x43E; &#x423;&#x440;&#x430;&#x43B;&#x430;</subfield>
  </datafield>
  <datafield tag="610" ind1="1" ind2=" ">
    <subfield code="a">&#x43A;&#x43E;&#x447;&#x435;&#x432;&#x43D;&#x438;&#x43A;&#x438; &#x41A;&#x430;&#x437;&#x430;&#x445;&#x441;&#x442;&#x430;&#x43D;&#x430;</subfield>
  </datafield>
  <datafield tag="686" ind1=" " ind2=" ">
    <subfield code="a">63.48(235.55)</subfield>
    <subfield code="v">LBC/M</subfield>
    <subfield code="2">rubbk</subfield>
  </datafield>
  <datafield tag="686" ind1=" " ind2=" ">
    <subfield code="a">63.48(543)</subfield>
    <subfield code="v">LBC/M</subfield>
    <subfield code="2">rubbk</subfield>
  </datafield>
  <datafield tag="686" ind1=" " ind2=" ">
    <subfield code="a">03.41.91</subfield>
    <subfield code="2">rugasnti</subfield>
  </datafield>
  <datafield tag="686" ind1=" " ind2=" ">
    <subfield code="a">&#x422;4(2)273.26</subfield>
  </datafield>
  <datafield tag="686" ind1=" " ind2=" ">
    <subfield code="a">&#x422;4(544)27</subfield>
  </datafield>
  <datafield tag="700" ind1=" " ind2="1">
    <subfield code="4">070</subfield>
    <subfield code="8">rus</subfield>
    <subfield code="7">ca</subfield>
    <subfield code="a">&#x422;&#x430;&#x438;&#x440;&#x43E;&#x432;</subfield>
    <subfield code="b">&#x410;. &#x414;.</subfield>
    <subfield code="f">1955-</subfield>
    <subfield code="g">&#x410;&#x43B;&#x435;&#x43A;&#x441;&#x430;&#x43D;&#x434;&#x440; &#x414;&#x43C;&#x438;&#x442;&#x440;&#x438;&#x435;&#x432;&#x438;&#x447;</subfield>
    <subfield code="3">RU\NLR\AUTH\7719189</subfield>
    <subfield code="9">2262</subfield>
  </datafield>
  <datafield tag="790" ind1=" " ind2="1">
    <subfield code="6">z77510</subfield>
    <subfield code="a">Tairov</subfield>
    <subfield code="b">A. D.</subfield>
    <subfield code="g">Aleksandr Dmitrievi&#x10D;</subfield>
  </datafield>
  <datafield tag="801" ind1=" " ind2="0">
    <subfield code="a">RU</subfield>
    <subfield code="b">&#x427;&#x435;&#x43B;&#x44F;&#x431;&#x438;&#x43D;&#x441;&#x43A;&#x430;&#x44F; &#x41E;&#x423;&#x41D;&#x411;</subfield>
    <subfield code="c">20080220</subfield>
  </datafield>
  <datafield tag="801" ind1=" " ind2="1">
    <subfield code="a">RU</subfield>
    <subfield code="b">&#x427;&#x435;&#x43B;&#x44F;&#x431;&#x438;&#x43D;&#x441;&#x43A;&#x430;&#x44F; &#x41E;&#x423;&#x41D;&#x411;</subfield>
    <subfield code="c">20080220</subfield>
  </datafield>
  <datafield tag="801" ind1=" " ind2="2">
    <subfield code="a">RU</subfield>
    <subfield code="b">NLR</subfield>
    <subfield code="c">20080814</subfield>
    <subfield code="g">rcr</subfield>
  </datafield>
  <datafield tag="942" ind1=" " ind2=" ">
    <subfield code="c">BOOK</subfield>
  </datafield>
  <datafield tag="980" ind1=" " ind2=" ">
    <subfield code="a">NB</subfield>
  </datafield>
  <datafield tag="995" ind1=" " ind2=" ">
    <subfield code="5">2008-08-14</subfield>
    <subfield code="a">ad</subfield>
    <subfield code="b">NLR01</subfield>
    <subfield code="c">NLR01</subfield>
    <subfield code="e">RF9</subfield>
    <subfield code="f">1-3129159</subfield>
    <subfield code="k">2008-7/4930</subfield>
    <subfield code="o">0</subfield>
    <subfield code="r">BOOK</subfield>
    <subfield code="s">200874930_</subfield>
  </datafield>
</record>
